| 000 | 01332nam a2200265Ia 4500 | ||
|---|---|---|---|
| 003 | PE SENCICO BE | ||
| 005 | 20251020182429.0 | ||
| 008 | 200515s9999 xx 000 0 und d | ||
| 020 | _a978-950-641-525-9 | ||
| 040 |
_aPE SENCICO BE _cPE SENCICO BE |
||
| 041 | _aspa | ||
| 082 |
_a650.142 _bA47 |
||
| 100 | 1 |
_aAlles, Martha Alicia _92437 _eautor |
|
| 245 | 1 | 0 |
_a200 modelos de currículum / _cMartha Alicia Alles |
| 250 | _a2a ed. | ||
| 260 |
_aBuenos Aires : _bGranica ; _c2008 |
||
| 300 |
_a296 p. : _bil., tbl. ; _c23 cm. |
||
| 490 | _aManagement personal | ||
| 505 | 0 | _aQue puede y qué no puede hacer un currículum -- Cómo completar sus datos personales en un sitio de Internet -- Ejemplos de currículum vitae | |
| 520 | 3 | _aLa obra ayuda a que cada uno pueda elaborar su propia hoja de vida, sin engañar ni falsear información, pero destacando sus puntos fuertes en conexión con la posición que intenta cubrir, de manera precisa, clara, sintética y pertinente, para generar un mejor efecto en el lector. Hacer un buen curriculum no es garantía de encontrar un buen trabajo, pero ayuda notablemente; representa la diferencia entre ser llamado o no a la primera entrevista. | |
| 650 | 1 | 0 |
_aCurrículum vitae _92438 |
| 650 | 2 | 0 |
_aProfesiones _92439 |
| 650 | 2 | 0 |
_aBúsqueda de empleo _92440 |
| 942 |
_cLIB _2ddc |
||
| 999 |
_c180 _d180 |
||